02161cam a22003615a 45000010009000000050017000090080041000260100017000670150019000840160018001030200018001210200026001390350024001650400061001890420014002500820022002641000033002862450117003192600071004363000035005075000024005425050723005665900030012896500038013196500049013576510010014066530038014167000035014549420008014899990017014979520143015149520142016571813600020201128023923.0140501t2015 njua fr 001 0 eng d a 2014939827 aGBB4A51972bnb7 a0168650102Uk a9780133498608 a0133498581 (hardback) a(OCoLC)ocn892859735 aUKMGBbengcUKMGBdBDXdOCLCOdUABdCDXdYDXCPdEG-ScBUE alccopycat04a658.4012bCHA2221 aChambers, Michele‏ 94159210aModern analytics methodologies :bdriving business value with analytics /cMichele Chambers, Thomas W. Dinsmore. aUpper Saddle River, New Jersey : bPearson Education, Inc.,c2015. axiii, 257 p. :bill. ;c24 cm. aIndex : p. 247-257. aSection I: Why You Need a Unique Analytics Roadmap: Chapter 1: Principles of Modern Analytics -- Chapter 2: Business 3 0 Is Here Now -- Chapter 3: Why You Need a Unique Analytics Roadmap -- Section II: The Analytics Roadmap: Chapter 4: Analytics Can Supercharge Your Business Strategy -- Chapter 5: Building Your Analytics Roadmap -- Chapter 6: Analytic Applications -- Chapter 7: Analytic Use Cases -- Chapter 8: Predictive Analytics Methodology -- Chapter 9: End-User Analytics -- Chapter 10: Analytic Platforms -- Section III: Implement Your Analytics Roadmap -- Chapter 11: Attracting and Retaining Analytics Talent -- Chapter 12: Organizing Analytics Teams -- Chapter 13: What Are You Waiting For? Go Get Started! aWessam Sameh : Added Item 7aBusiness mathematics.2BUEsh9801 7aManagement information systems.2BUEsh91296 2BUEsh bBUSADMcOctober2016cNovember20161 aDinsmore, Thomas W.‏ 941590 2ddc c22760d22732 00102ddc40708BaccahaMAINbMAINc1STd2016-10-20ePurchaseg570.00h25846l0o658.4012 CHAp000033950r2025-07-15 00:00:00v712.50yBB 00102ddc40708BaccahaMAINbMAINc1STd2016-11-02ePurchaseg720.00h3656l0o658.4012 CHAp000034250r2025-07-15 00:00:00v900.00yBB